00381 a2200121 4500001001000000005001700010008004100027245007300068100001700141700001600158773006800174999001700242ART_1476920260410161913.0260409a 10aThe structure of personal influence of the Belgian holding companies1 aMeeusen, Wim1 aCuyvers, L.0 tEuropean economic reviewg- Vol. 8, NÂș 1 (jun. 1976)wREV13346 c27025d27025